Top 100 Most Popular Songs - 2010s - Statistics

General Stats
  • This quiz has been taken 306 times
  • The average score is 43 of 100
Answer Stats
Placement Artist Song % Correct
1. Luis Fonsi, Daddy Yankee Despacito
88%
3. Ed Sheeran Shape of You
86%
13. Pharrell Williams Happy
82%
6. Carly Rae Jepsen Call Me Maybe
81%
4. Wiz Khalifa, Charlie Puth See You Again
77%
2. Mark Ronson, Bruno Mars Uptown Funk
76%
14. Adele Hello
74%
7. Psy Gangnam Style
73%
5. The Weeknd Blinding Lights
72%
80. Justin Bieber, Ludacris Baby
68%
17. Lil Nas X, Billy Ray Cyrus Old Town Road
68%
11. Taylor Swift Shake it Off
66%
33. Ed Sheeran Perfect
61%
16. Katy Perry Roar
61%
25. Camila Cabello, Young Thug Havana
60%
9. Gotye, Kimbra Somebody That I Used to Know
59%
64. Sia Chandelier
57%
19. Justin Bieber Sorry
57%
81. Billie Eilish bad guy
56%
57. Imagine Dragons Believer
56%
32. The Chainsmokers, Halsey Closer
56%
10. Adele Rolling in the Deep
56%
15. LMFAO Party Rock Anthem
55%
44. Lorde Royals
55%
63. John Legend All of Me
54%
21. Macklemore & Ryan Lewis, Wanz Thrift Shop
54%
36. OneRepublic Counting Stars
53%
22. Avicii, Aloe Blacc Wake Me Up
53%
38. Shawn Mendes, Camila Cabello Señorita
52%
20. Eminem, Rihanna Love the Way You Lie
51%
72. Pitbull, Kesha Timber
50%
89. Miley Cyrus Wrecking Ball
50%
23. Imagine Dragons Radioactive
49%
59. Katy Perry, Juicy J Dark Horse
47%
37. Drake God’s Plan
47%
50. Macklemore & Ryan Lewis, Ray Dalton Can’t Hold Us
46%
97. Lady Gaga, Bradley Cooper Shallow
45%
96. Ariana Grande 7 rings
44%
62. Taylor Swift Blank Space
44%
74. Katy Perry, Snoop Dogg California Gurls
44%
52. OMI Cheerleader
44%
40. Katy Perry Firework
44%
24. Maroon 5, Christina Aguilera Moves Like Jagger
44%
28. Adele Someone Like You
44%
49. Twenty One Pilots Stressed Out
44%
88. Meghan Trainor All About That Bass
43%
31. Daft Punk, Pharrell Williams, Nile Rodgers Get Lucky
43%
61. Marshmello, Bastille Happier
43%
27. Drake One Dance
43%
58. Post Malone, Swae Lee Sunflower
43%
75. One Direction What Makes You Beautiful
42%
42. Passenger Let Her Go
41%
35. Maroon 5 Sugar
40%
78. Bruno Mars Grenade
39%
68. Kendrick Lamar HUMBLE.
39%
55. Juice WRLD Lucid Dreams
39%
26. Jennifer Lopez, Pitbull On the Floor
39%
30. Post Malone, 21 Savage rockstar
39%
39. The Weeknd, Daft Punk Starboy
39%
93. Nicki Minaj Starships
39%
12. Rihanna, Calvin Harris We Found Love
39%
29. Justin Timberlake CAN’T STOP THE FEELING!
38%
77. Justin Bieber Love Yourself
38%
67. David Guetta, Sia Titanium
38%
47. Major Lazer, DJ Snake, MØ Lean On
37%
84. B.o.B., Hayley Williams Airplanes
36%
41. Robin Thicke, T.I., Pharrell Williams Blurred Lines
35%
66. Alan Walker Faded
35%
53. Drake Hotline Bling
34%
71. Calvin Harris, Dua Lipa One Kiss
34%
85. Lana Del Rey Summertime Sadness
34%
18. Ed Sheeran Thinking Out Loud
34%
65. fun., Janelle Monaé We Are Young
34%
98. Dua Lipa New Rules
33%
56. Calvin Harris, Rihanna This Is What You Came For
33%
48. Drake, Rihanna Work
33%
79. Sia Cheap Thrills
32%
43. Nicki Minaj Super Bass
32%
76. Lady Gaga, Beyoncé Telephone
32%
95. Cardi B, Bad Bunny, J Balvin I Like It
30%
92. XXXTENTACION SAD!
30%
60. The Weeknd The Hills
30%
69. Sam Smith Stay with Me
29%
82. The Weeknd Can’t Feel My Face
28%
70. Rihanna Diamonds
27%
54. Bruno Mars Just the Way You Are
27%
34. Travis Scott, Drake SICKO MODE
27%
46. Ariana Grande thank u, next
27%
87. Katy Perry Last Friday Night
25%
51. Justin Bieber What Do You Mean?
25%
90. Nicki Minaj Anaconda
24%
100. Ellie Goulding Love Me Like You Do
23%
99. will.i.am, Britney Spears Scream and Shout
23%
94. Avicii Levels
20%
45. Enrique Iglesias Bailando
16%
83. Eminem Rap God
15%
91. Lady Gaga Born this Way
14%
73. Taylor Swift We Are Never Ever Getting Back Together
11%
86. Coldplay Hymn for the Weekend
9%
8. Shakira Wake Waka (This Time for Africa)
2%
No matching quizzes found
Score Distribution
Percent of People with Each Score
Percentile by Number Answered
Your Score History
You have not taken this quiz